|
|
|
|
| LEADER |
00000nab a2200000 a 4500 |
| 001 |
vtls000704660 |
| 003 |
SK-MaSNL |
| 005 |
20260303234243.0 |
| 008 |
160322c1999 xo 0 slo |
| 015 |
|
|
|a SNBRA1999/10-23025
|
| 035 |
|
|
|a CLN000056827
|
| 040 |
|
|
|a SNKBUCL
|b slo
|c SNKBUCL
|e AACR2
|
| 041 |
0 |
|
|a slo
|
| 044 |
|
|
|a xo
|c SK
|
| 080 |
|
|
|a 78.071.1
|2 UDC-MRF-SK2
|
| 080 |
|
|
|a 78.087.6
|2 UDC-MRF-SK2
|
| 080 |
|
|
|a 929 Letňan, Július
|2 UDC-MRF-SK2
|
| 100 |
1 |
|
|a Sedlický, Tibor,
|d 1924-2004
|4 aut
|9 206840
|
| 245 |
1 |
0 |
|a Július Letňan
|c Tibor Sedlický
|
| 600 |
1 |
7 |
|a Letňan, Július,
|d 1914-1973
|2 snkbucl
|9 56038
|
| 655 |
|
7 |
|a články zo zborníkov
|2 snkbucl
|9 166140
|
| 773 |
0 |
|
|w SK01SNK19990324136
|z 8080552452
|t K dejinám zborového spevu na Slovensku. 4
|d Banská Bystrica : Univerzita Mateja Bela, 1999
|g S. 10-11
|
| 850 |
|
|
|a Slovenská národná knižnica v Martine
|
| 852 |
|
|
|a SNK
|b KIS3GCP
|
| 958 |
|
|
|a BX
|
| 958 |
|
|
|a SK
|
| 999 |
|
|
|c 2520003
|d 2521933
|